000 00392nam a22001337a 4500
082 _a625.8
_bSTA
100 _aIRC H. R . B New Dehli,
_944228
245 _aState of the art: payment slipperiness and skid resistance/
260 _aNew Dehli:
_bIRC H. R . B New Dehli,
_cc1976
300 _a50p.;
_c19cm
526 _a0
_b0
_c0
_d625_800000000000000_STA
650 _aMCE
_9379
942 _2ddc
_cBK
999 _c548058
_d548058